Do krajiny zlata ... rozprávka z misie v Alaske : so 6 obr.

Bibliographic Details
Main Author: Spillmann, Joseph, 1842-1905 (Author)
Other Authors: V.S. S.J (Translator)
Format: Book
Language:Slovak
German
PhysicalDescription:89, [7] s. 8°
Published: Trnava Posol 1934
Series:Z ďalekých krajov : historické rozprávky s obrázkami
Subjects:

MARC

LEADER 00000nam a2200000 a 4500
001 vtls008398082
003 SK-MaSNL
005 20260301123603.0
008 251124s1934 xo slo
015 |a SKSNBA19191938-011598 
035 |a SK01SNKBSKHR20020090299 
035 |a SKM000092762 
040 |a SNK  |b slo  |c SNK  |e AACR2 
041 1 |a slo  |h ger 
044 |a xo 
080 |a 830-3  |2 1981 
100 1 |a Spillmann, Joseph,  |d 1842-1905  |4 aut  |9 162564 
245 1 0 |a Do krajiny zlata ...  |b rozprávka z misie v Alaske : so 6 obr.  |c Jozef Spillmann ; prel. V.S. S.J. (podľa 15. nem. vyd. S dovolením vydávateľa Herdera vo Freiburgu) 
260 |a Trnava  |b Posol  |c 1934  |e Bratislava  |f Sv. Andrej 
300 |a 89, [7] s.  |c 8° 
490 0 |a Z ďalekých krajov : historické rozprávky s obrázkami  |v č. 21 
504 |a Zoznam edície 
650 0 7 |a rozprávky historické svetové  |x literatúra nemecká  |2 SNK  |9 346474 
655 7 |a umelecká literatúra  |2 SNKPH  |9 60405 
700 0 |a V.S.  |c S.J.  |4 trl  |9 470741 
830 0 |a Z ďalekých krajov : historické rozprávky s obrázkami  |9 346476 
852 |a Slovenská národná knižnica v Martine  |b 10000  |h MS SD 2569/21 
852 |a Univerzitná knižnica v Bratislave  |b 300000  |h XXG 301/21 
852 |a Univerzitná knižnica v Bratislave  |b 300000  |h 1188/21 
958 |a OND 
958 |a RK 
958 |a TL 
999 |c 736792  |d 738722 
952 |a SNK  |b SNK  |y VYP  |7 0  |p 17A0512375  |o snkSD 2569/21 D1  |i snkKSF 1947/57  |0 0  |1 0  |4 0  |d 2006-05-29  |l 0  |r 2026-02-23 22:47:06  |w 2026-02-23